[Event "NJ Jeugd Bj"]
[Site "Assen"]
[Date "2017.04.29"]
[Round "9.7"]
[White "Joosse, Xander"]
[Black "Klein, Jorik"]
[Result "1/2-1/2"]
[WhiteElo "1167"]
[BlackElo "1905"]
[PlyCount "37"]
[EventDate "2017.??.??"]

1. d4 Nf6 2. c4 g6 3. Nf3 Bg7 4. Nc3 O-O 5. Bg5 d6 6. e3 Nbd7 7. Bd3 c6 8. O-O
Qc7 9. Rc1 e5 10. Bb1 Re8 11. Re1 Qa5 12. Bh4 Nh5 13. Ne4 Qc7 14. dxe5 dxe5 15.
Nd6 Re6 16. Ne4 Re8 17. Nd6 Re6 18. Ne4 Re8 19. Nd6 1/2-1/2

[Event "NJ Jeugd Bj"]
[Site "Assen"]
[Date "2017.04.29"]
[Round "9.9"]
[White "Kanger, Thomas"]
[Black "Post, Jesper"]
[Result "1/2-1/2"]
[WhiteElo "1382"]
[BlackElo "1694"]
[PlyCount "70"]
[EventDate "2017.??.??"]

1. d4 Nf6 2. c4 g6 3. Nc3 d5 4. cxd5 Nxd5 5. e4 Nxc3 6. bxc3 Bg7 7. Nf3 c5 8.
Bc4 O-O 9. O-O Nc6 10. Bb2 Qa5 11. Qb3 Rb8 12. Rad1 b5 13. Bd5 Qc7 14. Qa3 b4
15. cxb4 cxb4 16. Qd3 Rb6 17. Rc1 Ba6 18. Bc4 Qb7 19. Rc2 Bxc4 20. Qxc4 Na5 21.
Qc7 Qxe4 22. Re1 Qd3 23. Rd2 Qa6 24. Rxe7 Rb7 25. Qc5 Nc4 26. Rxb7 Nxd2 27. Rb5
Nxf3+ 28. gxf3 Qxa2 29. Qxb4 Qe6 30. d5 Qd7 31. Bxg7 Kxg7 32. Ra5 Rd8 33. Kg2
h5 34. Qd4+ Kg8 35. h3 Ra8 1/2-1/2

[Event "NJ Jeugd Bj"]
[Site "Assen"]
[Date "2017.04.29"]
[Round "9.10"]
[White "Ten Have, Dimitri"]
[Black "Kanbier, Guy"]
[Result "1/2-1/2"]
[WhiteElo "1396"]
[BlackElo "1214"]
[PlyCount "42"]
[EventDate "2017.??.??"]

1. d4 Nf6 2. Nf3 g6 3. e3 Bg7 4. Bd3 d5 5. Nbd2 e6 6. Ne5 Nbd7 7. f4 O-O 8. O-O
c5 9. c3 c4 10. Bc2 b5 11. Qe2 Bb7 12. Rf3 a6 13. Rh3 Qe7 14. Ndf3 Ne4 15. Bd2
Nxd2 16. Nxd2 Nf6 17. Rf1 b4 18. Nb1 a5 19. b3 Rfc8 20. Rc1 cxb3 21. Bxb3 Ne4
1/2-1/2

[Event "NJ Jeugd Bj"]
[Site "Assen"]
[Date "2017.04.29"]
[Round "9.11"]
[White "Eelsingh, Janko"]
[Black "Emans, Job"]
[Result "0-1"]
[WhiteElo "1093"]
[BlackElo "1734"]
[PlyCount "66"]
[EventDate "2017.??.??"]

1. Nf3 d5 2. c4 Nf6 3. d4 c6 4. Nc3 e6 5. e3 Nbd7 6. Bd2 Be7 7. Bd3 b6 8. O-O
Bb7 9. Qc2 Qc7 10. Rac1 O-O 11. a3 dxc4 12. Bxc4 c5 13. Nb5 Qc8 14. Be2 a6 15.
Nc3 Rd8 16. Rfd1 Qc6 17. dxc5 Nxc5 18. b4 Ncd7 19. Na4 Qxc2 20. Rxc2 b5 21. Nb2
Bd5 22. Rdc1 Ne4 23. Nd3 Bf6 24. Nf4 Bb3 25. Rc7 g5 26. Nh5 g4 27. Nxf6+ Ndxf6
28. Nd4 Nxd2 29. Nxb3 Nxb3 30. R1c3 Nd5 31. Rxb3 Nxc7 32. Bxg4 Nd5 33. Bf3 Rac8
0-1

[Event "NJ Jeugd Bj"]
[Site "Assen"]
[Date "2017.04.29"]
[Round "10.1"]
[White "Nguyen, Kevin"]
[Black "Bekedam, Tyro"]
[Result "1-0"]
[WhiteElo "2143"]
[BlackElo "2004"]
[PlyCount "101"]
[EventDate "2017.??.??"]

1. e4 c6 2. Nc3 d5 3. Nf3 Bg4 4. h3 Bxf3 5. Qxf3 e6 6. d3 Nd7 7. Bd2 Bd6 8. g4
d4 9. Ne2 c5 10. Ng3 Qf6 11. Qe2 O-O-O 12. Bg2 g6 13. O-O-O e5 14. h4 Qe6 15.
Kb1 Ne7 16. Bh3 Bc7 17. Rhf1 Nc6 18. f4 f6 19. Qg2 Qe7 20. g5 fxg5 21. fxg5
Rdf8 22. a3 Kb8 23. h5 Rxf1 24. Rxf1 Rf8 25. Bxd7 Rxf1+ 26. Qxf1 Qxd7 27. Qf8+
Qd8 28. Qxc5 Qd7 29. Qf8+ Bd8 30. hxg6 hxg6 31. Qh6 Qg4 32. Nh1 a6 33. Bc1 Ka7
34. Nf2 Qg2 35. Nh3 Qf1 36. Qh4 Qf7 37. Qf2 Qe6 38. Qf3 Nb8 39. Nf2 Nd7 40. Ng4
Be7 41. Nh6 Bf8 42. Qf7 Qd6 43. Ng8 Nc5 44. Nf6 Ne6 45. Qxg6 Nf4 46. Qf7 Qe7
47. Qc4 Bg7 48. Nd5 Nxd5 49. exd5 Bf8 50. Qc8 Qd6 51. Qe6 1-0

[Event "NJ Jeugd Bj"]
[Site "Assen"]
[Date "2017.04.29"]
[Round "11.1"]
[White "Kouwenhoven, Derk"]
[Black "Nguyen, Kevin"]
[Result "1/2-1/2"]
[WhiteElo "2077"]
[BlackElo "2143"]
[PlyCount "49"]
[EventDate "2017.??.??"]

1. e4 c5 2. Nf3 d6 3. d4 cxd4 4. Nxd4 Nf6 5. Nc3 g6 6. Be3 Bg7 7. f3 Nc6 8. Qd2
O-O 9. g4 Be6 10. Nxe6 fxe6 11. O-O-O Ne5 12. Be2 Qc8 13. h4 Nc4 14. Bxc4 Qxc4
15. h5 Nd7 16. f4 Nc5 17. hxg6 hxg6 18. Qh2 Rfc8 19. e5 b5 20. Qh7+ Kf7 21. f5
Qxg4 22. fxg6+ Ke8 23. Qxg7 b4 24. exd6 bxc3 25. Qxe7# 1/2-1/2

[Event "NJ Jeugd Bj"]
[Site "Assen"]
[Date "2017.04.29"]
[Round "12.1"]
[White "Bekedam, Tyro"]
[Black "Kouwenhoven, Derk"]
[Result "1/2-1/2"]
[WhiteElo "2004"]
[BlackElo "2077"]
[PlyCount "126"]
[EventDate "2017.??.??"]

1. e4 e5 2. Nf3 Nc6 3. Bb5 a6 4. Ba4 b5 5. Bb3 Nf6 6. O-O Be7 7. Re1 O-O 8. c3
d5 9. exd5 Nxd5 10. Nxe5 Nxe5 11. Rxe5 c6 12. Bxd5 cxd5 13. d4 Bd6 14. Re3 Qh4
15. h3 Bf5 16. Nd2 Rfe8 17. Nf3 Qh5 18. Rxe8+ Rxe8 19. Be3 Be4 20. Nd2 Bg6 21.
Qxh5 Bxh5 22. Nf1 f5 23. g3 g5 24. Bxg5 Re2 25. Nd2 f4 26. g4 Rxd2 27. gxh5
Rxb2 28. a4 f3 29. axb5 axb5 30. Rc1 Kf7 31. Re1 Rc2 32. Rc1 Re2 33. Kf1 Ke6
34. Re1 Rxe1+ 35. Kxe1 Kf5 36. Be3 Ke4 37. Kd2 Bc7 38. Bg5 Ba5 39. Be7 Bc7 40.
Bg5 Bb8 41. Bh6 Bh2 42. Bg5 Bg1 43. Be3 Bh2 44. Bh6 Bd6 45. Be3 b4 46. cxb4
Bxb4+ 47. Kc2 Be1 48. Kd1 Ba5 49. Kc2 Bb6 50. Kc3 Ba5+ 51. Kc2 Bd8 52. Kc3 Bf6
53. h6 Bh8 54. Kd2 Bxd4 55. Bxd4 Kxd4 56. Kc2 Kc4 57. Kd2 Kd4 58. Kc2 Ke4 59.
Kc3 Ke5 60. Kd3 d4 61. Kd2 Kf4 62. Kd3 Ke5 63. Kd2 Kd5 1/2-1/2

[Event "NJ Jeugd Bj"]
[Site "Assen"]
[Date "2017.04.29"]
[Round "13.1"]
[White "Bekedam, Tyro"]
[Black "Nguyen, Kevin"]
[Result "1-0"]
[WhiteElo "2004"]
[BlackElo "2143"]
[PlyCount "61"]
[EventDate "2017.??.??"]

1. e4 g6 2. d4 Bg7 3. Nc3 d6 4. Be3 a6 5. Qd2 b5 6. O-O-O Bb7 7. f3 Nd7 8. Kb1
Rc8 9. g4 c5 10. dxc5 Nxc5 11. h4 h6 12. Bd4 Nf6 13. g5 hxg5 14. Bh3 g4 15.
fxg4 Nfxe4 16. Nxe4 Nxe4 17. Qe3 Bxd4 18. Qxd4 e5 19. Qe3 Qc7 20. Rh2 Qc5 21.
Qb3 a5 22. c3 a4 23. Qc2 b4 24. cxb4 Qxb4 25. Qd3 Nc3+ 26. Ka1 Nxd1 27. Qxd1
Qd4 28. Rd2 Qc4 29. Ne2 Ba6 30. Nc3 O-O 31. Bf1 1-0

[Event "NJ Jeugd Bj"]
[Site "Assen"]
[Date "2017.04.29"]
[Round "14.1"]
[White "Nguyen, Kevin"]
[Black "Kouwenhoven, Derk"]
[Result "1/2-1/2"]
[WhiteElo "2143"]
[BlackElo "2077"]
[PlyCount "79"]
[EventDate "2017.??.??"]

1. e4 c5 2. b3 Nc6 3. Bb2 d6 4. f4 Nf6 5. Nc3 g6 6. Nf3 Bg7 7. Bb5 O-O 8. Bxc6
bxc6 9. h3 Nxe4 10. O-O Nxc3 11. Bxc3 Bxc3 12. dxc3 Ba6 13. Re1 Qc7 14. Qd2 d5
15. f5 Kg7 16. Qe3 Rae8 17. Rad1 Qb6 18. Kh1 e6 19. fxg6 hxg6 20. Qe5+ f6 21.
Qd6 Bc8 22. b4 cxb4 23. cxb4 Rd8 24. Qf4 e5 25. Qd2 Bf5 26. c3 Be4 27. Nh2 Rh8
28. Re3 f5 29. c4 f4 30. Ra3 dxc4 31. Qe1 Rxd1 32. Qxd1 Rd8 33. Qg4 Bf5 34. Qf3
Rd3 35. Rxd3 cxd3 36. Ng4 d2 37. Nxe5 Qxb4 38. Nd3 Qb1+ 39. Kh2 d1=Q 40. Nxf4
1/2-1/2

[Event "NJ Jeugd Bj"]
[Site "Assen"]
[Date "2017.04.29"]
[Round "15.1"]
[White "Kouwenhoven, Derk"]
[Black "Bekedam, Tyro"]
[Result "0-1"]
[WhiteElo "2077"]
[BlackElo "2004"]
[PlyCount "104"]
[EventDate "2017.??.??"]

1. e4 c6 2. d4 d5 3. e5 Bf5 4. Nf3 e6 5. Be2 Nd7 6. O-O Ne7 7. Nh4 Bg6 8. Nxg6
hxg6 9. c3 Nf5 10. Nd2 c5 11. Nf3 Qb6 12. dxc5 Bxc5 13. b4 Be7 14. Qa4 Qc7 15.
Bb5 O-O-O 16. Qxa7 Nb8 17. Bd2 f6 18. c4 d4 19. Bf4 fxe5 20. Bxe5 Bd6 21. Bxd6
Qxd6 22. c5 Qc7 23. Bc4 e5 24. Be6+ Nd7 25. Qa8+ Qb8 26. Qxb8+ Kxb8 27. Bxd7
Rxd7 28. Nxe5 Rd5 29. Nxg6 Rhd8 30. Rad1 d3 31. Rd2 Nd4 32. Nf4 R5d7 33. Nxd3
Nb5 34. Rfd1 Nc3 35. Re1 Rxd3 36. Rxd3 Rxd3 37. f4 Nd5 38. Re4 Rd2 39. g4 Rxa2
40. h4 Nf6 41. Re7 Nxg4 42. Rxg7 Nh2 43. Rg2 Nf3+ 44. Kf1 Ra1+ 45. Kf2 Nxh4 46.
Kg3 Nxg2 47. Kxg2 Ra4 48. Kf3 Rxb4 49. f5 Kc7 50. f6 Kd7 51. f7 Ke7 52. c6 bxc6
0-1

[Event "NK Jeugd Bm"]
[Site "Assen"]
[Date "2017.04.23"]
[Round "1.1"]
[White "Duson, Robin"]
[Black "Martinez, Anna"]
[Result "1-0"]
[WhiteElo "1854"]
[BlackElo "1781"]
[PlyCount "65"]
[EventDate "2017.??.??"]

1. e4 c5 2. Nf3 Nc6 3. d4 cxd4 4. Nxd4 g6 5. Be3 Bg7 6. Nc3 Nf6 7. Bc4 O-O 8.
Bb3 a5 9. Nxc6 bxc6 10. f3 d6 11. Qd2 Nd7 12. h4 Ne5 13. Bh6 Be6 14. Bxg7 Kxg7
15. h5 Bxb3 16. cxb3 Rh8 17. O-O-O Qb6 18. Kb1 Nd7 19. f4 Nf6 20. h6+ Kf8 21.
e5 dxe5 22. fxe5 Ne8 23. Qf4 Qb4 24. Qf3 Qb7 25. Rhf1 f5 26. exf6 Nxf6 27. g4
Ke8 28. g5 Nd7 29. Qf7+ Kd8 30. Rfe1 Qb4 31. Qe6 Ra7 32. Qxc6 Re8 33. Nb5 1-0

[Event "NK Jeugd Bm"]
[Site "Assen"]
[Date "2017.04.23"]
[Round "1.2"]
[White "Kroon, Gerbrich"]
[Black "Schelleman, Iris"]
[Result "1-0"]
[WhiteElo "1437"]
[BlackElo "1732"]
[PlyCount "123"]
[EventDate "2017.??.??"]

1. e4 e5 2. Nf3 Nc6 3. Bc4 Bc5 4. c3 Nf6 5. d3 O-O 6. Bg5 Re8 7. Bb3 a6 8. Nbd2
h6 9. Bh4 g5 10. Bg3 d5 11. Qe2 Bg4 12. O-O-O d4 13. Kb1 Bh5 14. h3 Kg7 15. h4
g4 16. Nh2 b5 17. f3 Qd7 18. Rdf1 Re7 19. Bc2 a5 20. Nb3 Bb6 21. a3 dxc3 22.
bxc3 b4 23. axb4 axb4 24. Qd2 bxc3 25. Qxc3 Nd4 26. Bf2 Qa4 27. Nxd4 Qa2+ 28.
Kc1 exd4 29. Bxd4 Bxd4 30. Qxd4 Rd7 31. Qb2 Qa7 32. fxg4 Qa1+ 33. Qxa1 Rxa1+
34. Kb2 Rxf1 35. Rxf1 Nxg4 36. Nxg4 Bxg4 37. Kc3 Rd6 38. Bb3 Be6 39. Bxe6 fxe6
40. e5 Rc6+ 41. Kd4 Rc2 42. g4 c5+ 43. Ke3 Rb2 44. Rf6 Rb6 45. Kd2 Rb4 46. Rxe6
Rxg4 47. Rc6 Rxh4 48. Rxc5 Kf7 49. Ke3 Ke6 50. d4 Rh3+ 51. Ke4 Rh4+ 52. Kd3 h5
53. Rc6+ Kd7 54. Rd6+ Ke7 55. Kc4 Rh1 56. Rh6 h4 57. Rh7+ Ke6 58. Rh6+ Ke7 59.
Kd5 h3 60. Rh7+ Ke8 61. Ke6 Kd8 62. d5 1-0

[Event "NK Jeugd Bm"]
[Site "Assen"]
[Date "2017.04.23"]
[Round "1.3"]
[White "Kalkman, Lorena"]
[Black "Lu, Ting Ting"]
[Result "1/2-1/2"]
[WhiteElo "1620"]
[BlackElo "1493"]
[PlyCount "62"]
[EventDate "2017.??.??"]

1. e4 e5 2. Bc4 Nf6 3. d3 Nc6 4. Nf3 d6 5. c3 Be6 6. Nbd2 Na5 7. Bb5+ c6 8. Ba4
b5 9. Bc2 Be7 10. O-O Qc7 11. Re1 h6 12. Nf1 O-O 13. h3 Rfe8 14. Ne3 d5 15.
exd5 cxd5 16. d4 e4 17. Nh2 Rac8 18. Qe2 a6 19. Bd1 b4 20. Ba4 Red8 21. Bd2
bxc3 22. bxc3 Nc4 23. Nxc4 Qxc4 24. Qd1 Bd6 25. Nf1 Qc7 26. Bb3 Nd7 27. Qe2 Qa7
28. Ne3 Nb6 29. Qh5 Bf8 30. Rab1 Qe7 31. Qe2 Qa7 1/2-1/2

[Event "NK Jeugd Bm"]
[Site "Assen"]
[Date "2017.04.23"]
[Round "1.4"]
[White "Waardenburg, Marlinde"]
[Black "Monteny, Pascalle"]
[Result "1-0"]
[WhiteElo "1608"]
[BlackElo "1467"]
[PlyCount "107"]
[EventDate "2017.??.??"]

1. e4 e5 2. Nf3 Nc6 3. Bb5 a6 4. Ba4 Nf6 5. O-O Be7 6. Re1 b5 7. Bb3 d6 8. h3
O-O 9. c3 Na5 10. Bc2 c5 11. d4 Qc7 12. Nbd2 Re8 13. Nf1 Bf8 14. Bg5 Nd7 15.
Ne3 Nb6 16. a4 Bd7 17. Bh4 bxa4 18. dxe5 dxe5 19. Nd5 Nxd5 20. exd5 g6 21. Bf6
Bg7 22. Bxg7 Kxg7 23. Bxa4 Bxa4 24. Rxa4 Nb7 25. Qa1 Qd6 26. c4 f6 27. b3 a5
28. Ra2 Qb6 29. Re3 Qb4 30. Ra4 Qb6 31. Qe1 Reb8 32. Nd2 Nd6 33. Ra2 Qb4 34.
Ra4 Qb6 35. Ra1 Qb4 36. Rb1 Rb7 37. f4 exf4 38. Re7+ Kg8 39. Qe6+ Nf7 40. Rxb7
Qxb7 41. Ne4 Qc8 42. Qxf6 Qf5 43. Qxf5 gxf5 44. Nxc5 Rb8 45. Rf1 Nd6 46. Rxf4
Rc8 47. Ne6 Kf7 48. c5 Ne4 49. Rxf5+ Ke7 50. c6 Nd6 51. Rh5 Rh8 52. Nf4 Kf6 53.
Rh6+ Ke5 54. Ng6+ 1-0

[Event "NK Jeugd Bm"]
[Site "Assen"]
[Date "2017.04.24"]
[Round "2.1"]
[White "Duson, Robin"]
[Black "Kroon, Gerbrich"]
[Result "1-0"]
[WhiteElo "1854"]
[BlackElo "1437"]
[PlyCount "75"]
[EventDate "2017.??.??"]

1. e4 c6 2. d4 d5 3. Nc3 dxe4 4. Nxe4 Nd7 5. Nf3 Ngf6 6. Ng3 g6 7. Bd3 Bg7 8.
Qe2 O-O 9. Bd2 Qb6 10. O-O-O Re8 11. c4 Qc7 12. Bc3 Nb6 13. Ba5 Qd7 14. Rhe1 e6
15. Bc2 Qe7 16. Ne5 c5 17. Bc3 cxd4 18. Bxd4 Nbd7 19. f4 Bh6 20. Qf3 Qb4 21.
Kb1 Bg7 22. Bc3 Qb6 23. Ba4 Rd8 24. Rd2 Nc5 25. Rxd8+ Qxd8 26. Rd1 Qc7 27. Bc2
Nfd7 28. Qe3 Nxe5 29. fxe5 Nd7 30. Re1 Qxc4 31. Qg5 Qc5 32. Ne4 Qc7 33. Nd6 b6
34. Qe7 Ba6 35. Qxf7+ Kh8 36. Ne8 Rxe8 37. Qxe8+ Nf8 38. Bb4 1-0

[Event "NK Jeugd Bm"]
[Site "Assen"]
[Date "2017.04.24"]
[Round "2.2"]
[White "Lu, Ting Ting"]
[Black "Waardenburg, Marlinde"]
[Result "0-1"]
[WhiteElo "1493"]
[BlackElo "1608"]
[PlyCount "88"]
[EventDate "2017.??.??"]

1. e4 c6 2. d4 d5 3. e5 Bf5 4. g4 Bg6 5. h4 h5 6. g5 e6 7. Ne2 Nd7 8. Nf4 Be4
9. Rg1 g6 10. Nd2 Bf5 11. a3 Ne7 12. Nb3 Qc7 13. Bd2 c5 14. c3 Rc8 15. Rc1 Nc6
16. Be3 Bg7 17. Ne2 O-O 18. Ng3 Ne7 19. f4 cxd4 20. Nxd4 Bg4 21. Be2 Bxe2 22.
Qxe2 a6 23. Qc2 Nb6 24. Nb3 Nc4 25. Bf2 Qc6 26. Nd2 Qb5 27. Nb3 a5 28. Bc5 Rxc5
29. Nxc5 Qxc5 30. Qf2 Qxf2+ 31. Kxf2 Nxb2 32. Rb1 Nd3+ 33. Ke3 Nc5 34. Rb5 Rc8
35. Rgb1 a4 36. Kd4 Nb3+ 37. Kd3 Nc6 38. Ne2 Bf8 39. Nd4 Ncxd4 40. cxd4 Bxa3
41. Rxb7 Bc1 42. Ra7 Bxf4 43. Rxa4 Nc1+ 44. Rxc1 Rxc1 0-1

[Event "NK Jeugd Bm"]
[Site "Assen"]
[Date "2017.04.24"]
[Round "2.3"]
[White "Schelleman, Iris"]
[Black "Kalkman, Lorena"]
[Result "1-0"]
[WhiteElo "1732"]
[BlackElo "1620"]
[PlyCount "59"]
[EventDate "2017.??.??"]

1. e4 c6 2. d4 d5 3. f3 e6 4. Nc3 Nf6 5. Be3 Be7 6. e5 Nfd7 7. f4 c5 8. Nf3 Nc6
9. Ne2 a6 10. c3 Qc7 11. Ng3 O-O 12. Be2 c4 13. O-O Re8 14. Qc2 Nf8 15. Bd1 Bd7
16. Nh5 b5 17. g4 Qc8 18. Qg2 Ng6 19. Bc2 Rb8 20. Ng3 b4 21. f5 Nf8 22. Ne1 Bh4
23. Nh5 Bd8 24. f6 gxf6 25. Rxf6 Ne7 26. Qf2 Neg6 27. Rxf7 Bh4 28. Rg7+ Kh8 29.
Qf7 Ne7 30. Rxh7+ 1-0

[Event "NK Jeugd Bm"]
[Site "Assen"]
[Date "2017.04.24"]
[Round "2.4"]
[White "Martinez, Anna"]
[Black "Monteny, Pascalle"]
[Result "1-0"]
[WhiteElo "1781"]
[BlackElo "1467"]
[PlyCount "63"]
[EventDate "2017.??.??"]

1. d4 d5 2. Nf3 Nf6 3. c4 c6 4. e3 e6 5. Nc3 Nbd7 6. Bd3 Be7 7. O-O O-O 8. Re1
Re8 9. e4 dxe4 10. Nxe4 Nxe4 11. Bxe4 Nf6 12. Bc2 Bf8 13. Bg5 g6 14. Ne5 Bg7
15. Qf3 h6 16. Be3 Qe7 17. Qh3 Kh7 18. Qg3 Qc7 19. Bf4 Nh5 20. Bxg6+ fxg6 21.
Qxg6+ Kg8 22. Qxe8+ Bf8 23. Qxh5 Qg7 24. Bxh6 Qxh6 25. Qf7+ Kh8 26. Ng6+ Qxg6
27. Qxg6 Bd7 28. Re5 Bg7 29. Rh5+ Kg8 30. Rh7 Kf8 31. Qxg7+ Ke8 32. Rh8# 1-0

[Event "NK Jeugd Bm"]
[Site "Assen"]
[Date "2017.04.25"]
[Round "3.1"]
[White "Kalkman, Lorena"]
[Black "Duson, Robin"]
[Result "0-1"]
[WhiteElo "1620"]
[BlackElo "1854"]
[PlyCount "72"]
[EventDate "2017.??.??"]

1. e4 c5 2. Nf3 d6 3. Bc4 Nc6 4. c3 Nf6 5. d3 g6 6. Nbd2 Bg7 7. O-O O-O 8. Re1
a6 9. a3 b5 10. Bb3 a5 11. Nf1 Ba6 12. Bc2 Qb6 13. Rb1 b4 14. a4 Rab8 15. Qe2
Nd7 16. Bd2 Nde5 17. Nxe5 Nxe5 18. b3 Nc6 19. c4 Bc8 20. Ng3 Qd8 21. Bc1 e6 22.
Bb2 Nd4 23. Qd2 Qh4 24. Ne2 Be5 25. Ng3 f5 26. Bxd4 Bxd4 27. Qe2 f4 28. Nf1 f3
29. gxf3 Rb7 30. Ng3 Rbf7 31. Bd1 g5 32. Qc2 g4 33. Be2 gxf3 34. Bf1 Rf6 35. e5
Rh6 36. h3 Qxg3+ 0-1

[Event "NK Jeugd Bm"]
[Site "Assen"]
[Date "2017.04.25"]
[Round "3.2"]
[White "Waardenburg, Marlinde"]
[Black "Schelleman, Iris"]
[Result "0-1"]
[WhiteElo "1608"]
[BlackElo "1732"]
[PlyCount "66"]
[EventDate "2017.??.??"]

1. e4 e5 2. Nf3 Nc6 3. Bb5 a6 4. Ba4 d6 5. d4 Bd7 6. d5 Nce7 7. Bxd7+ Qxd7 8.
c4 Ng6 9. Nc3 Be7 10. O-O Nf6 11. Ne1 O-O 12. f3 Qd8 13. Nd3 Nd7 14. Qe2 Bg5
15. Qf2 Bxc1 16. Raxc1 Qg5 17. Ne2 b6 18. Ng3 Nc5 19. Nxc5 bxc5 20. Nf5 Nf4 21.
Qc2 g6 22. Ng3 h5 23. Kf2 h4 24. Rh1 hxg3+ 25. hxg3 Nh5 26. g4 Nf6 27. Rh3 Kg7
28. g3 Nd7 29. Qc3 Qe7 30. f4 Rh8 31. Rch1 Nf6 32. Qf3 exf4 33. gxf4 Qxe4 0-1

[Event "NK Jeugd Bm"]
[Site "Assen"]
[Date "2017.04.25"]
[Round "3.3"]
[White "Kroon, Gerbrich"]
[Black "Martinez, Anna"]
[Result "0-1"]
[WhiteElo "1437"]
[BlackElo "1781"]
[PlyCount "58"]
[EventDate "2017.??.??"]

1. e4 c5 2. Nf3 Nc6 3. g3 g6 4. Bg2 Bg7 5. O-O e6 6. d3 Nge7 7. c3 O-O 8. d4
cxd4 9. cxd4 Qb6 10. Nc3 Nxd4 11. Nxd4 Qxd4 12. Qe2 f5 13. Be3 Qe5 14. h4 fxe4
15. Bxe4 d5 16. Bf4 Qd4 17. Bd3 Bd7 18. Rad1 Qb6 19. h5 Nf5 20. Rd2 Nd4 21. Qd1
g5 22. Be3 Nf3+ 23. Kg2 d4 24. Re2 Bc6 25. Ne4 dxe3 26. Rxe3 g4 27. Bc4 Rad8
28. Bxe6+ Kh8 29. Rd3 Bxe4 0-1

[Event "NK Jeugd Bm"]
[Site "Assen"]
[Date "2017.04.25"]
[Round "3.4"]
[White "Monteny, Pascalle"]
[Black "Lu, Ting Ting"]
[Result "1-0"]
[WhiteElo "1467"]
[BlackElo "1493"]
[PlyCount "89"]
[EventDate "2017.??.??"]

1. e4 e5 2. Nf3 Nc6 3. d4 exd4 4. Bc4 Nf6 5. e5 d5 6. Bb5 Ne4 7. Nxd4 Bd7 8.
Bxc6 bxc6 9. O-O Bc5 10. Be3 Bb6 11. f3 Ng5 12. f4 Ne4 13. c3 O-O 14. Nd2 c5
15. Nc2 Nxd2 16. Qxd2 Bf5 17. Rad1 Rb8 18. Ne1 c4 19. Rf2 c6 20. Nf3 Bxe3 21.
Qxe3 Qa5 22. Nd4 Bg4 23. Ra1 Qb6 24. h3 Bd7 25. g4 Rbe8 26. f5 c5 27. Nf3 Qh6
28. g5 Qxh3 29. f6 Bg4 30. Qf4 Bxf3 31. Rxf3 Qe6 32. Re1 Rd8 33. Qh4 d4 34.
fxg7 Kxg7 35. Rf6 Qd7 36. Rh6 Rh8 37. Rf1 dxc3 38. bxc3 Qd3 39. Qf4 Rdf8 40.
Qf6+ Kg8 41. Kg2 Qe2+ 42. Rf2 Qg4+ 43. Kh2 Qd7 44. g6 Qd8 45. gxh7+ 1-0

[Event "NK Jeugd Bm"]
[Site "Assen"]
[Date "2017.04.26"]
[Round "4.1"]
[White "Kroon, Gerbrich"]
[Black "Kalkman, Lorena"]
[Result "0-1"]
[WhiteElo "1437"]
[BlackElo "1620"]
[PlyCount "78"]
[EventDate "2017.??.??"]

1. e4 c5 2. Nf3 d6 3. g3 Nf6 4. d3 e6 5. Bg2 g6 6. O-O Nc6 7. Nbd2 Bg7 8. c3 d5
9. Re1 O-O 10. h3 b6 11. g4 Bb7 12. e5 Nd7 13. d4 Re8 14. Nf1 f6 15. exf6 Nxf6
16. Ng3 cxd4 17. cxd4 Nd7 18. Bg5 Bf6 19. Bxf6 Qxf6 20. Qd2 Re7 21. Rad1 Rf8
22. a3 Ndb8 23. h4 Qf4 24. g5 Na5 25. h5 Nc4 26. Qb4 Nc6 27. Qc3 Nd6 28. hxg6
hxg6 29. Qd3 Kg7 30. Re2 Nb8 31. Rde1 Ba6 32. Qc2 Bxe2 33. Rxe2 Rc8 34. Qd3
Rc1+ 35. Bf1 Rcc7 36. Bg2 Nd7 37. Re1 Nf8 38. Re5 Nf7 39. Ne2 Nxe5 0-1

[Event "NK Jeugd Bm"]
[Site "Assen"]
[Date "2017.04.26"]
[Round "4.2"]
[White "Duson, Robin"]
[Black "Waardenburg, Marlinde"]
[Result "1-0"]
[WhiteElo "1854"]
[BlackElo "1608"]
[PlyCount "105"]
[EventDate "2017.??.??"]

1. e4 Nf6 2. e5 Nd5 3. c4 Nb6 4. d4 d6 5. exd6 cxd6 6. Nc3 g6 7. Bd3 Bg7 8.
Nge2 O-O 9. O-O Nc6 10. Be3 Nb4 11. b3 Nxd3 12. Qxd3 Bf5 13. Qd2 Re8 14. Ng3
Qd7 15. Rac1 d5 16. c5 Nc8 17. Nxf5 Qxf5 18. Rfe1 Qd7 19. a4 e6 20. Bf4 Ne7 21.
Nb5 Rf8 22. Nd6 Nc6 23. Be3 a6 24. b4 Na7 25. Ra1 Nc8 26. Bf4 Nxd6 27. Bxd6
Rfe8 28. Qd3 Ra7 29. Ra3 Rc8 30. Rea1 Rca8 31. h3 h6 32. Rb1 Qe8 33. Bc7 Rc8
34. Bb6 Raa8 35. Rbb3 Kh7 36. f4 Qe7 37. g3 Qf6 38. c6 Rxc6 39. a5 Rac8 40. Bc5
Qd8 41. b5 R6c7 42. bxa6 bxa6 43. Qxa6 Rc6 44. Qb5 Bf8 45. Bxf8 Qxf8 46. a6 Qg7
47. Qd3 Rc4 48. a7 Rxd4 49. Qf1 Qf8 50. Qa6 Rd1+ 51. Kg2 Rc2+ 52. Kf3 Rf1+ 53.
Qxf1 1-0

[Event "NK Jeugd Bm"]
[Site "Assen"]
[Date "2017.04.26"]
[Round "4.3"]
[White "Schelleman, Iris"]
[Black "Monteny, Pascalle"]
[Result "1-0"]
[WhiteElo "1732"]
[BlackElo "1467"]
[PlyCount "163"]
[EventDate "2017.??.??"]

1. e4 e5 2. Nf3 Nc6 3. Bc4 Bc5 4. c3 Nf6 5. d4 exd4 6. e5 d5 7. Bb5 Ne4 8. cxd4
Bb4+ 9. Nbd2 O-O 10. O-O Nxd2 11. Bxd2 Bxd2 12. Qxd2 Bd7 13. Be2 Qe7 14. Rfe1
Rad8 15. h3 Bf5 16. Bd3 Bxd3 17. Qxd3 Nb4 18. Qc3 c6 19. a3 Na6 20. Rad1 Nc7
21. Nd2 Ne6 22. Nb3 Rb8 23. Qg3 b6 24. f4 Rbe8 25. f5 Qg5 26. Qf3 Nc7 27. Rc1
Qh6 28. Rc2 Na6 29. Rec1 Nb8 30. g4 Qg5 31. Qg3 Qd8 32. Kh2 Kh8 33. Nd2 Qc7 34.
Nf3 f6 35. e6 Qxg3+ 36. Kxg3 g6 37. Kf4 g5+ 38. Kg3 Re7 39. Ne1 Rc8 40. Nd3 a5
41. Rc3 Rec7 42. b4 b5 43. bxa5 Ra7 44. Nb4 Rxa5 45. Nxd5 Ra7 46. Re3 Re8 47.
Nxf6 Ree7 48. Nh5 Re8 49. f6 Kg8 50. f7+ Rxf7 51. Rce1 Ra7 52. Nf6+ Kf8 53.
Nxe8 Kxe8 54. Rf1 Re7 55. Re5 Na6 56. Rff5 Nc7 57. Rf6 Nd5 58. Rh6 Nc7 59. Kf3
Kf8 60. h4 gxh4 61. g5 Kg7 62. Kg4 h3 63. Kxh3 Nd5 64. Re4 Nc3 65. Reh4 Kg8 66.
g6 Rg7 67. gxh7+ Kh8 68. Rf6 Rxh7 69. Rf8+ Kg7 70. Rf7+ Kg6 71. Rfxh7 Nd5 72.
Ra7 Kf6 73. Re4 Ne7 74. Rb7 Nd5 75. e7 Nxe7 76. Rbxe7 Kf5 77. R7e5+ Kf6 78.
Rf4+ Kg6 79. Ref5 Kg7 80. Rg4+ Kh6 81. Kh4 b4 82. Rh5# 1-0

[Event "NK Jeugd Bm"]
[Site "Assen"]
[Date "2017.04.26"]
[Round "4.4"]
[White "Martinez, Anna"]
[Black "Lu, Ting Ting"]
[Result "1-0"]
[WhiteElo "1781"]
[BlackElo "1493"]
[PlyCount "71"]
[EventDate "2017.??.??"]

1. d4 Nf6 2. c4 c5 3. d5 b5 4. Nd2 b4 5. e4 d6 6. Bd3 g6 7. f4 Nbd7 8. Ngf3 Bg7
9. O-O O-O 10. Re1 Qc7 11. Nf1 Ba6 12. h3 Nb6 13. Qe2 e6 14. dxe6 fxe6 15. Ng5
Rae8 16. e5 dxe5 17. fxe5 Nfd7 18. Nxh7 Nxe5 19. Nxf8 Nxd3 20. Qxd3 Rxf8 21.
Qxg6 Bxc4 22. Bh6 Rf7 23. Ne3 Bd5 24. Ng4 Kh8 25. Bxg7+ Rxg7 26. Qh6+ Kg8 27.
Nf6+ Kf8 28. Nh5 Bc4 29. Rf1+ Bxf1 30. Rxf1+ Ke7 31. Qxg7+ Kd6 32. Rf7 Qc6 33.
Qg3+ Kd5 34. Qf3+ Kd6 35. Qf4+ Kd5 36. Nf6# 1-0

[Event "NK Jeugd Bm"]
[Site "Assen"]
[Date "2017.04.27"]
[Round "5.1"]
[White "Monteny, Pascalle"]
[Black "Duson, Robin"]
[Result "0-1"]
[WhiteElo "1467"]
[BlackElo "1854"]
[PlyCount "78"]
[EventDate "2017.??.??"]

1. e4 c5 2. b3 g6 3. Bb2 Nf6 4. d3 Bg7 5. f4 d6 6. Nf3 O-O 7. Nc3 Nc6 8. Be2 d5
9. Qc1 d4 10. Nd1 Bg4 11. Nf2 Bd7 12. O-O b5 13. h3 Nh5 14. Kh2 e5 15. fxe5
Nxe5 16. g3 Qe7 17. Ne1 Kh8 18. Ng2 Nc6 19. Nf4 Nxf4 20. Qxf4 Be5 21. Qf3 Nb4
22. Bd1 f5 23. exf5 Bc6 24. Qe2 Rxf5 25. Ne4 Raf8 26. Rxf5 gxf5 27. Nd2 f4 28.
Ne4 fxg3+ 29. Nxg3 Qg7 30. Qg4 Rf2+ 31. Kg1 Qxg4 32. Bxg4 Bxg3 33. Bc1 Rxc2 34.
Bh6 Rg2+ 35. Kf1 Rxa2 36. Rd1 Nd5 37. Rc1 Nc3 38. Bh5 Rh2 39. Ra1 Rh1# 0-1

[Event "NK Jeugd Bm"]
[Site "Assen"]
[Date "2017.04.27"]
[Round "5.2"]
[White "Kalkman, Lorena"]
[Black "Martinez, Anna"]
[Result "1-0"]
[WhiteElo "1620"]
[BlackElo "1781"]
[PlyCount "67"]
[EventDate "2017.??.??"]

1. e4 c5 2. Nf3 Nc6 3. Nc3 g6 4. Bc4 Bg7 5. O-O e6 6. Bb3 Nge7 7. Ne2 b5 8. c3
c4 9. Bc2 d5 10. d4 cxd3 11. Bxd3 dxe4 12. Bxe4 Bb7 13. Qb3 a6 14. Rd1 Qc7 15.
Bf4 e5 16. Be3 O-O 17. Qc2 Kh8 18. Nc1 f5 19. Bxc6 Bxc6 20. Qe2 f4 21. Bd2 e4
22. Nd4 f3 23. Qe3 Qc8 24. Ncb3 Qg4 25. Qg5 Qd7 26. Be3 Bd5 27. Nc5 Qd6 28.
Ncb3 Nf5 29. Nxf5 Rxf5 30. Qg3 Be5 31. Bd4 Rd8 32. Re1 Re8 33. Nd2 Rf4 34. Qxf4
1-0